Constitution of India (Record no. 227276)
[ view plain ]
| 000 -LEADER | |
|---|---|
| fixed length control field | 00688nam a22002417a 4500 |
| 005 - DATE AND TIME OF LATEST TRANSACTION | |
| control field | 20230426102711.0 |
| 008 - FIXED-LENGTH DATA ELEMENTS--GENERAL INFORMATION | |
| fixed length control field | 230426b ||||| |||| 00| 0 eng d |
| 020 ## - INTERNATIONAL STANDARD BOOK NUMBER | |
| International Standard Book Number | 9788195880850 |
| 040 ## - CATALOGING SOURCE | |
| Transcribing agency | AL |
| 041 ## - LANGUAGE CODE | |
| Language code of text/sound track or separate title | English |
| 082 ## - DEWEY DECIMAL CLASSIFICATION NUMBER | |
| Edition number | 23 |
| Classification number | 321.80954 |
| Item number | HANC |
| 100 ## - MAIN ENTRY--PERSONAL NAME | |
| Personal name | V Basil Hans and others |
| 100 ## - MAIN ENTRY--PERSONAL NAME | |
| 9 (RLIN) | 93158 |
| 245 ## - TITLE STATEMENT | |
| Title | Constitution of India |
| 260 ## - PUBLICATION, DISTRIBUTION, ETC. | |
| Place of publication, distribution, etc. | Mangalore |
| Name of publisher, distributor, etc. | United agencies |
| Date of publication, distribution, etc. | 2023 |
| 300 ## - PHYSICAL DESCRIPTION | |
| Extent | vi,137 p. |
| Other physical details | PB |
| Dimensions | 13x21 cm. |
| 365 ## - TRADE PRICE | |
| Source of price type code | general |
| Price type code | 644 |
| Price amount | ₹96.00 |
| Currency code | ₹ |
| Unit of pricing | ₹120.00 |
| Price note | 20% |
| Price effective from | 25-04-2023 |
| 650 ## - SUBJECT ADDED ENTRY--TOPICAL TERM | |
| Topical term or geographic name entry element | Constitution |
| 9 (RLIN) | 93159 |
| 650 ## - SUBJECT ADDED ENTRY--TOPICAL TERM | |
| Topical term or geographic name entry element | India |
| 9 (RLIN) | 93160 |
| 650 ## - SUBJECT ADDED ENTRY--TOPICAL TERM | |
| Topical term or geographic name entry element | NEP |
| 9 (RLIN) | 93161 |
| 700 ## - ADDED ENTRY--PERSONAL NAME | |
| Personal name | HANS (V Basil) |
| 9 (RLIN) | 93162 |
| 700 ## - ADDED ENTRY--PERSONAL NAME | |
| Personal name | HEGDE (Shakila) |
| 9 (RLIN) | 93163 |
| 942 ## - ADDED ENTRY ELEMENTS (KOHA) | |
| Source of classification or shelving scheme | Dewey Decimal Classification |
| Koha item type | Book |
| Withdrawn status | Lost status | Source of classification or shelving scheme | Damaged status | Not for loan | Collection code | Home library | Current library | Date acquired | Source of acquisition | Cost, normal purchase price | Total Checkouts | Total Renewals | Full call number | Barcode | Date last seen | Date last checked out | Cost, replacement price | Price effective from | Koha item type |
|---|---|---|---|---|---|---|---|---|---|---|---|---|---|---|---|---|---|---|---|
| Dewey Decimal Classification | Political Science | St Aloysius Library | St Aloysius Library | 04/26/2023 | Biblios Book Point Surathkal Mangalore 575014 | 96.00 | 2 | 1 | 321.80954 HANC | 076509 | 09/19/2025 | 09/12/2025 | 120.00 | 04/26/2023 | Book | ||||
| Dewey Decimal Classification | Political Science | St Aloysius Library | St Aloysius Library | 04/26/2023 | Biblios Book Point Surathkal Mangalore 575014 | 96.00 | 3 | 321.80954 HANC | 076510 | 09/20/2025 | 09/13/2025 | 120.00 | 04/26/2023 | Book | |||||
| Dewey Decimal Classification | Political Science | St Aloysius Library | St Aloysius Library | 04/26/2023 | Biblios Book Point Surathkal Mangalore 575014 | 96.00 | 3 | 321.80954 HANC | 076511 | 01/02/2026 | 12/12/2025 | 120.00 | 04/26/2023 | Book |